00692nam a2200205Ia 4500008004100000020001800041082002400059100003600083245005500119260004600174260002000220260000900240300001000249650003000259650001500289650003300304942001000337999001700347952012200364260428s9999 xx 000 0 und d a9789561422087 a346.083 V494d 2018  aVergara Blanco, Alejandro92088 0aDerecho de energía: identidad y transformaciones aEdiciones Universidad Católica de Chile bSantiago, Chile c2018 a264p. aAspectos Jurídicos9365 aChile9121 aEnergía Eléctrica935851 clibro c20526d20526 00102ddc40708REFaBCbBCd2026-04-06eCompral0o346.083 V494d 2018 c.1 p27353r2026-04-29t1w2026-04-29ylibro